000
00305nam a2200133Ia 4500
005
20251222152618.0
008
251222s9999||||xx |||||||||||||| ||spa||
082
_a
864/S47
100
_a
Shakespeare
245
0
_a
Dramas Comedias II
250
_a
1ra.ed.
264
_b
Ediciones Nauta,S.A.
942
_c
LIB
999
_c
27257
_d
27257